00770nam a22002297a 450000100040000000500170000402000150002104000370003605000170007308200080009010000290009824500620012725000510018926000370024030000400027750500080031752001110032552100200043652100200045665000320047665000320050874420250307110941.0 a0060206810 aDLCcODaWUdOCoLCdCGldDLCbeng00aPZ8.B744bFl a8131 aBrown, Jeff,d1926-2003.10aFlat Stanley /cby Jeff Brown ; pictures by Tomi Ungerer. aNewly illustrated Harper Trophy edition, 2003  aNew York, N.Y. :bHarper,c2003. a65 pages :billustrations ;c20 cm. aM  aAfter a bulletin board falls on Stanley while he is sleeping, he finds that being flat has its advantages. a550 bLexile  aM bRaz-Plus  aHumor vAdventure xTravel  aHumor vAdventure xTravel